Boxer, výsadkár, kráľ

Bibliographic Details
Format: Article
Language:Slovak
PhysicalDescription:Fotogr.
ISSN:1335-440X
Subjects:

MARC

LEADER 00000nab a2200000 a 4500
001 vtls008985078
003 SK-MaSNL
005 20260303065417.0
008 140512c20070416xo dr|p|||||||000 b|slo
015 |a SNBRB2007/05  |2 snkbucl 
038 |a SNKBUCL 
040 |a SNKBUCL  |b slo  |c SNKBUCL  |e AACR2 
041 |a slo 
044 |a xo  |c SK 
080 |a 791.43(420)  |2 1997 
245 0 0 |a Boxer, výsadkár, kráľ 
300 |b Fotogr. 
630 0 7 |a Posledný škótsky kráľ (film)  |2 snkbucl  |9 1064527 
655 7 |a recenzie  |2 snkbucl  |9 21907 
773 0 |t Sme. Práca  |g Roč. 15, č. 87 (16.4.2007)  |x 1335-440X 
773 0 |t Kultúra  |g S. 14 
852 |a SNK  |b KIS3GCP 
958 |a RC 
999 |c 1751092  |d 1753022